000 00359nam a2200133Ia 4500
008 150202s9999 xx 000 0 und d
020 _a812517148
050 _aFIC
_bFIC
100 _aDunmore, Spencer.
245 4 _aThe sound of wings /
_cSpencer Dunmore.
260 _aNew York :
_bTor Books,
_c1984.
300 _a347 pages :
_c18 cm.
650 _aFiction.
999 _c281988
_d281988